000 00705nam a2200217 i 4500
001 99278
003 ES-MaACL
005 20250910213918.0
007 t|
008 050906s1962 sp ||||1| spa d
100 1 _aMartin, Richard M.
_977371
245 1 0 _aVerdad y denotación /
_cRichard M. Martin; [traducción de C. Piera Gil y V. Sánchez de Zavala].
260 _aMadrid :
_bTecnos,
_c1962.
300 _a284 p., 10 h. ;
_c24 cm.
490 1 _aEstructura y función ;
_v9
700 1 _aPiera, Carlos
_991922
700 1 _aSánchez de Zavala, Víctor,
_d1926-1996
_9102601
830 0 _aEstructura y función ;
_v9
_9181428
852 _aES-MaACL
_jC-26730
_bR.55741
999 _c99278
_d99278